Science Technology and Society / (Record no. 364492)
[ view plain ]
| 000 -LEADER | |
|---|---|
| fixed length control field | 00498nam a2200133Ia 4500 |
| 008 - FIXED-LENGTH DATA ELEMENTS--GENERAL INFORMATION | |
| fixed length control field | 200925s9999 xx 000 0 und d |
| 020 ## - INTERNATIONAL STANDARD BOOK NUMBER | |
| International Standard Book Number | 978-621-8122-11-6 |
| 100 ## - MAIN ENTRY--PERSONAL NAME | |
| Personal name | Doria, Benjamin D. |
| 245 ## - TITLE STATEMENT | |
| Statement of responsibility, etc | Benjamin D. Doria, Charlie P. Nacario, Maribeth F. Solis.-- |
| Title | Science Technology and Society / |
| 260 ## - PUBLICATION, DISTRIBUTION, ETC. (IMPRINT) | |
| Place of publication, distribution, etc | Malabon City : |
| Name of publisher, distributor, etc | Jimczyville Publicaions |
| Date of publication, distribution, etc | 2018 |
| 300 ## - PHYSICAL DESCRIPTION | |
| Extent | vi , 172 pages : |
| Other physical details | illustrations ; |
| Dimensions | 23 cm. |
| 650 ## - SUBJECT ADDED ENTRY--TOPICAL TERM | |
| Topical term or geographic name as entry element | Science -- Social aspects. |
| 650 ## - SUBJECT ADDED ENTRY--TOPICAL TERM | |
| Topical term or geographic name as entry element | Technology -- Social aspects. |
| Withdrawn status | Lost status | Damaged status | Home library | Current library | Shelving location | Date acquired | Source of acquisition | Total Checkouts | Full call number | Barcode | Date last seen | Price effective from | Koha item type |
|---|---|---|---|---|---|---|---|---|---|---|---|---|---|
| College Library | College Library | Filipiniana Section | 09/25/2020 | Library Fund | Q 175.5 .D696 2018 | C22601 | 09/25/2020 | 09/25/2020 | Books |